| 000 | 00422nam a22001577a 4500 | ||
|---|---|---|---|
| 003 | macl | ||
| 005 | 20241019125807.0 | ||
| 008 | 241019b |||||||| |||| 00| 0 eng d | ||
| 040 | _cmacl | ||
| 082 | _a910 | ||
| 100 |
_aDrishti _982369 |
||
| 245 | _aMPPSC Prelims Success Series Geographyof Madhya Pradesh and India PSS-II | ||
| 260 |
_aDehli _bDrishti Publication _c2024 |
||
| 650 | _aGeography | ||
| 942 |
_2ddc _cC. BOOKS |
||
| 999 |
_c67111 _d67111 |
||